000
00303nam a22001337a 4500
008
170323b xxu||||| |||| 00| 0 eng d
020
_a
9780824704612
041
_a
eng
080
_a
616.9
100
_a
8
101
_a
SHM
245
_a
PROTEASE INHIBITORS IN AIDS THERAPY
_c
OGDEN R,C
942
_2
udc
_c
BK
999
_c
8498
_d
8498